000 00445nmm a2200157Ia 4500
008 251105s9999||||xx |||||||||||||||||und||
020 _a9789560102058
041 _aspa
100 _aVillagrán Abarzúa, Marcelo
245 0 _aManual de derecho municipal
264 _a[Santiago de Chile, Chile] :
_bRil editores,
_c2015
300 _a108 páginas
650 _aLaw
856 _uhttps://public.digitaliapublishing.com/a/39380
942 _cCF
999 _c93700
_d93700